Разработка смешанных цементов на основе портландцемента и с дунитовой минеральной добавкой; Современные технологии и материалы новых поколений

Dettagli Bibliografici
Parent link:Современные технологии и материалы новых поколений.— 2017.— [С. 312-313]
Enti autori: Национальный исследовательский Томский политехнический университет (ТПУ) Институт физики высоких технологий (ИФВТ) Кафедра технологии силикатов и наноматериалов (ТСН), Российская академия наук (РАН) Сибирское отделение (СО) Институт физико-технических проблем Севера (ИФТПС), Северо-Восточный федеральный университет им. М. К. Аммосова (СВФУ)
Altri autori: Васильева А. А., Москвитина Л. В., Москвитин М. Г., Федорова Г. Д.
Riassunto:Заглавие с экрана
Lingua:russo
Pubblicazione: 2017
Serie:Аддитивные технологии получения новых материалов
Soggetti:
Accesso online:http://earchive.tpu.ru/handle/11683/43746
Natura: Elettronico Capitolo di libro
KOHA link:https://koha.lib.tpu.ru/cgi-bin/koha/opac-detail.pl?biblionumber=624166

MARC

LEADER 00000naa2a2200000 4500
001 624166
005 20231101133311.0
035 |a (RuTPU)RU\TPU\conf\23379 
035 |a RU\TPU\conf\23376 
090 |a 624166 
100 |a 20171102d2017 k y0rusy50 ca 
101 0 |a rus  |e rus 
102 |a RU 
105 |a y z 101zy 
135 |a drgn ---uucaa 
181 0 |a i  
182 0 |a b 
200 1 |a Разработка смешанных цементов на основе портландцемента и с дунитовой минеральной добавкой  |f А. А. Васильева [и др.] 
203 |a Текст  |c электронный 
225 1 |a Аддитивные технологии получения новых материалов 
230 |a 1 компьютерный файл (pdf; 184 Кб) 
300 |a Заглавие с экрана 
320 |a [Библиогр.: с. 313 (3 назв.)] 
463 0 |0 (RuTPU)RU\TPU\conf\23187  |t Современные технологии и материалы новых поколений  |o сборник трудов Международной конференции с элементами научной школы для молодежи, г. Томск, 9-13 октября 2017 г.  |f Национальный исследовательский Томский политехнический университет (ТПУ) ; Российская академия наук (РАН), Сибирское отделение (СО), Институт физики прочности и материаловедения (ИФПМ)  |v [С. 312-313]  |d 2017 
610 1 |a электронный ресурс 
610 1 |a смешанные цементы 
610 1 |a портландцемент 
610 1 |a минеральные добавки 
610 1 |a дуниты 
610 1 |a цементы 
701 1 |a Васильева  |b А. А. 
701 1 |a Москвитина  |b Л. В. 
701 1 |a Москвитин  |b М. Г. 
701 1 |a Федорова  |b Г. Д. 
712 0 2 |a Национальный исследовательский Томский политехнический университет (ТПУ)  |b Институт физики высоких технологий (ИФВТ)  |b Кафедра технологии силикатов и наноматериалов (ТСН)  |h 93  |2 stltpush  |3 (RuTPU)RU\TPU\col\18694 
712 0 2 |a Российская академия наук (РАН)  |b Сибирское отделение (СО)  |b Институт физико-технических проблем Севера (ИФТПС)  |c (Якутск)  |2 stltpush  |3 (RuTPU)RU\TPU\col\4743 
712 0 2 |a Северо-Восточный федеральный университет им. М. К. Аммосова (СВФУ)  |c (Якутск)  |c (2010- )  |2 stltpush  |3 (RuTPU)RU\TPU\col\19952 
801 2 |a RU  |b 63413507  |c 20171103  |g RCR 
856 4 |u http://earchive.tpu.ru/handle/11683/43746 
942 |c BK